000 00416nam a2200169Ia 4500
999 _c30741
_d30741
003 OSt
005 20250522144417.0
008 250310s9999||||xx |||||||||||||| ||und||
020 _a0-572-00749-3
040 _c.
082 _a823
_bS77411
100 _95894
_aSquires, Robin
245 0 _aClassic Murders /
_cRobin Squires
260 _aLondon :
_bW Foulsham & co ltd,
_c1970.
300 _a144 p.
942 _cBK
_2ddc